लोड हो रहा है...

MOZHIPEYARPPU KALAI

ग्रंथसूची विवरण
मुख्य लेखक: PATTABHIRAMAN K
स्वरूप: Printed Book
प्रकाशित: CHENNAI NEW CENTURY BOOK HOUSE
विषय:
LEADER 00395nam a2200169 4500
020
082
100 |a PATTABHIRAMAN K 
245 |a MOZHIPEYARPPU KALAI  |h TAMIL 
250
260 |a CHENNAI  |b NEW CENTURY BOOK HOUSE 
300
650 |a MOZHIPEYARPPU KALAI 
700
942 |c BK 
999 |c 164660  |d 164660 
952 |0 0  |1 0  |4 0  |7 0  |9 178112  |a ORI  |b ORI  |l 0  |p ORI7288  |r 2019-10-25  |w 2019-10-25  |y BK